000 01110nam a2200349 c 4500
001 59224
003 CO-BoRNBP
005 20250919195512.0
007 ta
008 170322s2007 sp a g 000 f s
020 _a9788434822054
040 _aCO-BoRNBP
_bspa
_erda
_cCO-BoRNBP
041 _aspa
043 _ae-gx---
084 _aN
100 1 _aKorschunow, Irina
_eaut
_965053
245 1 3 _aEl dragón de Jano /
_cIrina Korschunow ; ilustraciones Jesús Gabán.
250 _aVigésimo octava edición
264 1 _aMadird, España :
_bS. M,
_c2007
300 _a68 páginas :
_bilustraciones
336 _atexto
_btxt
_2rdacontent
337 _asin mediación
_bn
_2rdamedia
338 _avolumen
_bnc
_2rdacarrier
490 0 _aEl barco de vapor. azul
521 _aRecomendado para un público infantil mayor de 9 años
650 0 7 _aAmistad en la literatura
_2LEMB
_970
650 0 7 _aDragones en la literatura
_2lemb
_962351
650 0 4 _aLiteratura juvenil alemana
_2LEMB
_921514
650 0 4 _aNovela juvenil alemana
_2LEMB
_929401
700 _aGabán, Jesús
_929394
942 _2loc
_cBKLIT
999 _c59224
_d59224